[Event "GER-chT U14"]
[Site "Magdeburg"]
[Date "2019.12.29"]
[Round "5.7"]
[White "Kraftsik, Christian"]
[Black "Yin, Haode"]
[Result "1/2-1/2"]
[WhiteElo "1850"]
[BlackElo "1747"]
[PlyCount "55"]
[EventDate "2019.12.27"]
[EventType "team-swiss"]
[EventRounds "7"]
[EventCountry "GER"]
[SourceTitle "CBM 194 Extra"]
[Source "ChessBase"]
[SourceDate "2020.03.31"]
[SourceVersion "1"]
[SourceVersionDate "2020.03.31"]
[SourceQuality "1"]
[WhiteTeam "Vaterstetten Grasbrunn"]
[BlackTeam "Paderborn"]
[WhiteTeamCountry "GER"]
[BlackTeamCountry "GER"]

1. d4 d5 2. c4 dxc4 3. Nf3 Nf6 4. Bf4 e6 5. e3 c5 6. Bxc4 a6 7. a4 Nc6 8. 0-0 cxd4 9. exd4 Bb4 10. Nc3 h6 11. Ba2 0-0 12. d5 exd5 13. Nxd5 Nxd5 14. Bxd5 Bf5 15. Qb3 Qe7 16. Rac1 Be4 17. Bxc6 Bxc6 18. Ne5 Rfc8 19. Nxf7 Qxf7 20. Qxb4 Qd5 21. f3 Rd8 22. Be3 Qd3 23. Bf2 a5 24. Qg4 Qd7 25. Qc4+ Qd5 26. Bb6 Qxc4 27. Rxc4 Rd2 28. Bd4 1/2-1/2

[Event "GER-chT U14"]
[Site "Magdeburg"]
[Date "2019.12.27"]
[Round "1.1"]
[White "Kraftsik, Christian"]
[Black "Weihrauch, Jakob"]
[Result "1/2-1/2"]
[WhiteElo "1850"]
[BlackElo "2169"]
[PlyCount "57"]
[EventDate "2019.12.27"]
[EventType "team-swiss"]
[EventRounds "7"]
[EventCountry "GER"]
[SourceTitle "CBM 194 Extra"]
[Source "ChessBase"]
[SourceDate "2020.03.31"]
[SourceVersion "1"]
[SourceVersionDate "2020.03.31"]
[SourceQuality "1"]
[WhiteTeam "Vaterstetten Grasbrunn"]
[BlackTeam "Hamburger SK"]
[WhiteTeamCountry "GER"]
[BlackTeamCountry "GER"]

1. d4 Nf6 2. c4 e6 3. Nc3 Bb4 4. e3 b6 5. Nge2 Bb7 6. a3 Be7 7. Nf4 d5 8. cxd5 exd5 9. b4 0-0 10. Be2 c6 11. 0-0 b5 12. Bb2 a5 13. Nd3 axb4 14. axb4 Rxa1 15. Qxa1 Nbd7 16. Nc5 Qc7 17. Qc1 Nb6 18. Qc2 Nc4 19. Bxc4 bxc4 20. Ra1 Bxc5 21. bxc5 Bc8 22. h3 g6 23. e4 dxe4 24. Nxe4 Nxe4 25. Qxe4 Bf5 26. Qe3 Qd7 27. Qc3 Qd5 28. Ra6 Bd7 29. Ra4 1/2-1/2

[Event "GER-chT U12"]
[Site "Magdeburg"]
[Date "2018.12.30"]
[Round "7.1"]
[White "Kraftsik, Christian"]
[Black "Mainka, Ingmar"]
[Result "1-0"]
[WhiteElo "1771"]
[BlackElo "1190"]
[PlyCount "59"]
[EventDate "2018.12.27"]
[EventType "team-swiss"]
[EventRounds "7"]
[EventCountry "GER"]
[SourceTitle "CBM 188 Extra"]
[Source "ChessBase"]
[SourceDate "2019.02.26"]
[SourceVersion "1"]
[SourceVersionDate "2019.02.26"]
[SourceQuality "1"]
[WhiteTeam "Vaterstetten"]
[BlackTeam "Eilendorf Arminia"]
[WhiteTeamCountry "GER"]
[BlackTeamCountry "GER"]

1. d4 d5 2. c4 e6 3. Nc3 Nf6 4. cxd5 exd5 5. Bg5 Be7 6. Nf3 Bg4 7. e3 Nbd7 8. Be2 Bd6 9. Nxd5 c6 10. Nc3 Qc7 11. h3 Bf5 12. Bd3 Bg6 13. e4 Bb4 14. Qc2 0-0 15. 0-0 Rfe8 16. e5 Bxd3 17. Qxd3 Nd5 18. Nxd5 cxd5 19. Rfc1 Qa5 20. Qb3 Rac8 21. a3 Bf8 22. Qxb7 Nb6 23. Rxc8 Rxc8 24. Be7 Bxe7 25. Qxe7 h6 26. e6 fxe6 27. Qxe6+ Kh8 28. Qg6 Kg8 29. Re1 Qb5 30. Re7 1-0

[Event "GER-chT U12"]
[Site "Magdeburg"]
[Date "2018.12.28"]
[Round "3.1"]
[White "Schwartz, Oliver"]
[Black "Kraftsik, Christian"]
[Result "1-0"]
[WhiteElo "1603"]
[BlackElo "1771"]
[PlyCount "87"]
[EventDate "2018.12.27"]
[EventType "team-swiss"]
[EventRounds "7"]
[EventCountry "GER"]
[SourceTitle "CBM 188 Extra"]
[Source "ChessBase"]
[SourceDate "2019.02.26"]
[SourceVersion "1"]
[SourceVersionDate "2019.02.26"]
[SourceQuality "1"]
[WhiteTeam "Ostfildern"]
[BlackTeam "Vaterstetten"]
[WhiteTeamCountry "GER"]
[BlackTeamCountry "GER"]

1. e4 e5 2. Nf3 Nc6 3. Bc4 Bc5 4. c3 Nf6 5. d3 d6 6. Nbd2 0-0 7. 0-0 Bg4 8. Re1 a6 9. Bb3 Qe7 10. Nf1 h6 11. Ng3 Qd8 12. Be3 Ba7 13. h3 Bd7 14. Bxa7 Rxa7 15. Nh4 Ne7 16. Nh5 Nh7 17. d4 a5 18. a4 Kh8 19. Qf3 Ng6 20. Nf5 Bxf5 21. Qxf5 Nh4 22. Qg4 Ng5 23. dxe5 dxe5 24. Rad1 Qe7 25. Rd7 f5 26. Rxe7 fxg4 27. hxg4 g6 28. Ng3 b6 29. Rd1 Nh7 30. Rxe5 c6 31. f3 Ng5 32. Kh1 Kg7 33. Ne2 Ngxf3 34. gxf3 Rxf3 35. Re8 Rf2 36. Nd4 Rxb2 37. Rf1 c5 38. Ne6+ Kh7 39. Bd5 Rd7 40. Nf8+ Kg7 41. Nxd7 h5 42. g5 Nf5 43. Rg8+ Kh7 44. Nf6# 1-0

[Event "GER-chT U12"]
[Site "Magdeburg"]
[Date "2018.12.27"]
[Round "1.1"]
[White "Buschmann, Mark"]
[Black "Kraftsik, Christian"]
[Result "0-1"]
[WhiteElo "1351"]
[BlackElo "1771"]
[PlyCount "76"]
[EventDate "2018.12.27"]
[EventType "team-swiss"]
[EventRounds "7"]
[EventCountry "GER"]
[SourceTitle "CBM 188 Extra"]
[Source "ChessBase"]
[SourceDate "2019.02.26"]
[SourceVersion "1"]
[SourceVersionDate "2019.02.26"]
[SourceQuality "1"]
[WhiteTeam "Muldental Wilkau Hasslau"]
[BlackTeam "Vaterstetten"]
[WhiteTeamCountry "GER"]
[BlackTeamCountry "GER"]

1. e4 e5 2. Nf3 Nc6 3. Bc4 Bc5 4. d3 Nf6 5. Bg5 h6 6. Be3 Bb6 7. Nc3 d6 8. Qd2 Bd7 9. 0-0 Bg4 10. Bxb6 axb6 11. Qe3 0-0 12. Nh4 Nd4 13. Rac1 Kh7 14. h3 Bh5 15. Nf5 b5 16. Nxd4 exd4 17. Qxd4 bxc4 18. Qxc4 Bg6 19. f4 Kh8 20. Qb3 b6 21. e5 dxe5 22. fxe5 Qd4+ 23. Kh1 Qxe5 24. Rce1 Qd6 25. Nb5 Qd7 26. a3 Rae8 27. Qc4 Nh5 28. Kh2 c6 29. Nd4 Qd6+ 30. Kg1 Ng3 31. Rxe8 Rxe8 32. Rd1 c5 33. Nb5 Qe5 34. b3 Qe2 35. Nc3 Qxc2 36. Qb5 f6 37. Qc4 Ne2+ 38. Kh2 Nxc3 0-1

[Event "GER-chT U10"]
[Site "Magdeburg"]
[Date "2016.12.29"]
[Round "7.2"]
[White "Kraftsik, Christian"]
[Black "Zielke, Ansgar"]
[Result "1/2-1/2"]
[WhiteElo "1136"]
[BlackElo "1356"]
[PlyCount "71"]
[EventDate "2016.12.27"]
[EventType "team-swiss"]
[EventRounds "7"]
[EventCountry "GER"]
[SourceTitle "EXT 2018"]
[Source "ChessBase"]
[SourceDate "2017.10.13"]
[SourceVersion "1"]
[SourceVersionDate "2017.10.13"]
[SourceQuality "1"]
[WhiteTeam "Vaterstetten"]
[BlackTeam "Friedrichsfelde Borussia"]
[WhiteTeamCountry "GER"]
[BlackTeamCountry "GER"]

1. e4 c5 2. Nf3 Nc6 3. d3 e6 4. g3 d5 5. Nbd2 Nf6 6. Bg2 dxe4 7. dxe4 Be7 8. 0-0 0-0 9. Re1 Re8 10. b3 Bd7 11. Bb2 Qc7 12. Nc4 Rad8 13. Qe2 Bf8 14. Nfe5 Nxe5 15. Bxe5 Qc6 16. Bxf6 gxf6 17. e5 Qc7 18. exf6 Bc6 19. Qg4+ Kh8 20. Bxc6 bxc6 21. Re5 Rd5 22. Rae1 Red8 23. Rg5 Rxg5 24. Qxg5 h6 25. Qg4 Rd4 26. f4 Qd8 27. Qh4 Kh7 28. Ne5 Qe8 29. Nf3 Rd8 30. f5 Rd6 31. Qh5 Kg8 32. fxe6 Rxe6 33. Qg4+ Kh8 34. Rxe6 Qxe6 35. Qxe6 fxe6 36. Kf2 1/2-1/2

[Event "GER-chT U10"]
[Site "Magdeburg"]
[Date "2016.12.29"]
[Round "6.2"]
[White "Phan Trong, Dai"]
[Black "Kraftsik, Christian"]
[Result "0-1"]
[WhiteElo "1348"]
[BlackElo "1136"]
[PlyCount "85"]
[EventDate "2016.12.27"]
[EventType "team-swiss"]
[EventRounds "7"]
[EventCountry "GER"]
[SourceTitle "EXT 2018"]
[Source "ChessBase"]
[SourceDate "2017.10.13"]
[SourceVersion "1"]
[SourceVersionDate "2017.10.13"]
[SourceQuality "1"]
[WhiteTeam "Dresden Leuben"]
[BlackTeam "Vaterstetten"]
[WhiteTeamCountry "GER"]
[BlackTeamCountry "GER"]

1. d4 Nf6 2. c4 g6 3. Nc3 d6 4. Bg5 Bg7 5. e4 0-0 6. Nf3 h6 7. Be3 e5 8. dxe5 dxe5 9. Rc1 Nc6 10. Be2 Be6 11. 0-0 Qe7 12. Nd5 Bxd5 13. cxd5 Rad8 14. Bc5 Qe8 15. Bxf8 Kxf8 16. Qa4 Nd4 17. Qxe8+ Nxe8 18. Nxd4 exd4 19. f4 c6 20. dxc6 bxc6 21. Rfd1 Rb8 22. b3 Rd8 23. e5 g5 24. fxg5 hxg5 25. Rc5 Nc7 26. Rxc6 Bxe5 27. Rc5 Bf4 28. Kh1 Ne6 29. Rf5 Be3 30. Bc4 Kg7 31. Bxe6 fxe6 32. Re5 Kf6 33. Rc5 e5 34. g4 d3 35. Rc6+ Ke7 36. Rc3 e4 37. Rc4 Rd4 38. Rxd4 Bxd4 39. Kg2 e3 40. Kf3 e2 41. Re1 Bc3 42. Kf2 Bxe1+ 43. Kxe1 0-1

[Event "GER-chT U10"]
[Site "Magdeburg"]
[Date "2015.12.29"]
[Round "7.1"]
[White "Danielsen, Asger"]
[Black "Kraftsik, Christian"]
[Result "0-1"]
[WhiteElo "875"]
[BlackElo "1271"]
[PlyCount "76"]
[EventDate "2015.12.27"]
[EventType "team-swiss"]
[EventRounds "7"]
[EventCountry "GER"]
[SourceTitle "EXT 2017"]
[Source "ChessBase"]
[SourceDate "2016.10.25"]
[SourceVersion "1"]
[SourceVersionDate "2016.10.25"]
[SourceQuality "1"]
[WhiteTeam "Paderborn Akademie II"]
[BlackTeam "Vaterstetten"]
[WhiteTeamCountry "GER"]
[BlackTeamCountry "GER"]

1. d4 Nf6 2. Nf3 d5 3. Bf4 Nc6 4. e3 Bf5 5. c3 e6 6. Bb5 Be7 7. Bxc6+ bxc6 8. Qa4 0-0 9. Qxc6 Bd6 10. Bxd6 cxd6 11. Qa4 Qc7 12. Nbd2 Rfb8 13. b4 Qxc3 14. 0-0 Rxb4 15. Qd1 Bc2 16. Qe1 Bd3 17. Rc1 Qa3 18. Nb1 Bxb1 19. Rxb1 Rxb1 20. Qxb1 Qa5 21. Rc1 Qd8 22. Rc2 Ne4 23. Qc1 h6 24. Rc7 Rb8 25. Rxa7 Qb6 26. Ra3 Qb1 27. Qe1 Nd2 28. h3 Nxf3+ 29. gxf3 Qxe1+ 30. Kg2 Rb1 31. Ra8+ Kh7 32. f4 Qh1+ 33. Kg3 Rg1+ 34. Kh4 g5+ 35. fxg5 Qe4+ 36. f4 Qf5 37. Rh8+ Kxh8 38. Kh5 Qxh3# 0-1

[Event "GER-chT U10"]
[Site "Magdeburg"]
[Date "2015.12.29"]
[Round "6.1"]
[White "Kraftsik, Christian"]
[Black "Schlie, Johann"]
[Result "1/2-1/2"]
[WhiteElo "1271"]
[BlackElo "1198"]
[PlyCount "36"]
[EventDate "2015.12.27"]
[EventType "team-swiss"]
[EventRounds "7"]
[EventCountry "GER"]
[SourceTitle "EXT 2017"]
[Source "ChessBase"]
[SourceDate "2016.10.25"]
[SourceVersion "1"]
[SourceVersionDate "2016.10.25"]
[SourceQuality "1"]
[WhiteTeam "Vaterstetten"]
[BlackTeam "Hagen"]
[WhiteTeamCountry "GER"]
[BlackTeamCountry "GER"]

1. e4 d5 2. exd5 Qxd5 3. Nc3 Qa5 4. Nf3 Bg4 5. h3 Bh5 6. d4 Nf6 7. Bd2 e6 8. Bd3 c6 9. Qe2 Qc7 10. Qe3 Bd6 11. Ne4 Nbd7 12. c4 0-0 13. c5 Be7 14. 0-0 Nd5 15. Qe2 e5 16. Bc3 Nf4 17. Qe3 Nd5 18. Qe2 Nf4 1/2-1/2

[Event "GER-chT U10"]
[Site "Magdeburg"]
[Date "2015.12.28"]
[Round "3.1"]
[White "Hommer, Jeremy"]
[Black "Kraftsik, Christian"]
[Result "1-0"]
[WhiteElo "1657"]
[BlackElo "1271"]
[PlyCount "81"]
[EventDate "2015.12.27"]
[EventType "team-swiss"]
[EventRounds "7"]
[EventCountry "GER"]
[SourceTitle "EXT 2017"]
[Source "ChessBase"]
[SourceDate "2016.10.25"]
[SourceVersion "1"]
[SourceVersionDate "2016.10.25"]
[SourceQuality "1"]
[WhiteTeam "Lueneburg Turm"]
[BlackTeam "Vaterstetten"]
[WhiteTeamCountry "GER"]
[BlackTeamCountry "GER"]

1. g3 e5 2. Bg2 d5 3. c4 Nf6 4. e3 Nc6 5. Ne2 Bc5 6. d4 Bb4+ 7. Nbc3 Be6 8. Bd2 Bxc3 9. Bxc3 e4 10. cxd5 Bxd5 11. Nf4 Qd6 12. a3 a5 13. Nxd5 Qxd5 14. 0-0 0-0 15. Qc2 Rfe8 16. b4 axb4 17. Bxb4 Nxb4 18. axb4 Rxa1 19. Rxa1 c6 20. Ra5 b5 21. Bf1 Rc8 22. Ra6 Qd8 23. Qxe4 Nd5 24. Qb1 Nc3 25. Qc2 Na4 26. Rxc6 Rxc6 27. Qxc6 Nb2 28. Bxb5 Qb8 29. Qe8+ Qxe8 30. Bxe8 Kf8 31. Bb5 Ke7 32. Kf1 Kd6 33. Ke2 Kd5 34. f3 Nc4 35. Bxc4+ Kxc4 36. b5 Kxb5 37. Kd3 Kc6 38. Ke4 Kd6 39. d5 Kd7 40. Kd4 Kd6 41. e4 1-0

[Event "GER-chT U10"]
[Site "Magdeburg"]
[Date "2015.12.27"]
[Round "2.1"]
[White "Kraftsik, Christian"]
[Black "Kracke, Lukas"]
[Result "1-0"]
[WhiteElo "1271"]
[BlackElo "784"]
[PlyCount "31"]
[EventDate "2015.12.27"]
[EventType "team-swiss"]
[EventRounds "7"]
[EventCountry "GER"]
[SourceTitle "EXT 2017"]
[Source "ChessBase"]
[SourceDate "2016.10.25"]
[SourceVersion "1"]
[SourceVersionDate "2016.10.25"]
[SourceQuality "1"]
[WhiteTeam "Vaterstetten"]
[BlackTeam "Goettingen Rochade II"]
[WhiteTeamCountry "GER"]
[BlackTeamCountry "GER"]

1. e4 e5 2. Nf3 Nc6 3. Bc4 Na5 4. Nxe5 Nxc4 5. Nxc4 b5 6. Ne3 Bc5 7. d4 Bb6 8. Nc3 Nf6 9. e5 Nh5 10. Qxh5 b4 11. Ncd5 g6 12. Qf3 Bb7 13. Ng4 Bxd4 14. Ngf6+ Kf8 15. Qf4 Bxe5 16. Qh6# 1-0